000 00617nam a2200205Ia 4500
003 GCL
008 140319s9999 xx 000 0 ara d
040 _aGCL /
_cGCL
082 0 4 _a819.9
_bع ش
100 1 _aعباس محمود العقاد
245 1 0 _aشاعر الغزل: عمر بن ابى ربيعة /
_cعباس محمود العقاد
300 _a143 ص
490 _aاقرأ
_v0
650 0 4 _aالشعر العربى
650 0 4 _aالادب العربى
650 0 4 _aالعصر الجاهلى
650 0 4 _aالشعر الغزلى
650 0 4 _aعمر بن ابى ربيعة
942 _2ddc
_cBK
999 _c40644
_d40644